KOHA-Header-6

Islamiat (Record no. 9766)

000 -LEADER
fixed length control field 00245nam a2200109Ia 4500
100 ## - MAIN ENTRY--AUTHOR NAME
Personal name Munib-ur-Rehman
245 #0 - TITLE STATEMENT
Title Islamiat
260 ## - PUBLICATION, DISTRIBUTION, ETC. (IMPRINT)
Place of publication Canada
Name of publisher Pearson
Year of publication 1999
300 ## - PHYSICAL DESCRIPTION
Number of Pages 378
942 ## - ADDED ENTRY ELEMENTS (KOHA)
Koha item type Books
Holdings
Withdrawn status Lost status Collection code Permanent Location Current Location Shelving location Date acquired Full call number Accession Number Koha item type
    Islamic Studies MAJU MAJU   2020-12-29 658.84 5712 Islamic Studies

Powered by Koha